| 000 | 00496nam a22001817a 4500 | ||
|---|---|---|---|
| 005 | 20171117115232.0 | ||
| 010 | _aENG-121436 | ||
| 020 |
_a9789325994140 _c450.00 |
||
| 035 | _aEN-104968 | ||
| 037 | _bDBAD/PUB | ||
| 082 | _a000 | ||
| 245 | _aObjective verbal reasoning / | ||
| 260 |
_aNoida _bS.Chand Publishing _c2014 |
||
| 270 |
_a7361,Ram Nagar _bNew Delhi _e110055 |
||
| 300 |
_a762p.: _c28cm(pbk) _bill. |
||
| 490 | _aExam Success Series | ||
| 942 |
_2ddc _cEN _mOBJ _h000 |
||
| 999 |
_c147505 _d147505 |
||